[Event "25th Abu Dhabi Master 2018"]
[Site "Abu Dhabi"]
[Date "2018.08.08"]
[Round "2"]
[White "Hakobyan, Eduard"]
[Black "Jubin, Jimmy"]
[Result "0-1"]
[WhiteElo "2134"]
[BlackElo "2267"]
[Annotator "NA"]
[PlyCount "52"]
[EventDate "2018.08.05"]
[EventType "swiss"]
[EventCountry "UAE"]
[SourceTitle "playchess.com"]
[Source "ChessBase"]
[SourceQuality "1"]
[TimeControl "5400+30"]

1. e4 {[%emt 0:02:26]} c6 {[%emt 0:00:00]} 2. d4 {[%emt 0:00:08]} d5 {[%emt 0:00:00]} 3. e5 {[%emt 0:00:06]} Bf5 {[%emt 0:00:00]} 4. Nd2 {[%emt 0:00:07]} e6 {[%emt 0:00:00]} 5. Nb3 {[%emt 0:00:05]} Nd7 {[%emt 0:00:00]} 6. Nf3 {[%emt 0:00:08]} Ne7 {[%emt 0:00:10]} 7. Be2 {[%emt 0:00:13]} Ng6 {[%emt 0:00:05]} 8. O-O {[%emt 0:00:34]} Be7 {[%emt 0:00:05]} 9. Ne1 {[%emt 0:07:35]} Ngf8 {[%emt 0:07:17]} 10. Bd2 {[%emt 0:06:55]} Qc7 {[%emt 0:01:25]} 11. a4 {[%emt 0:09:07]} a6 {[%emt 0:03:01]} 12. Nd3 {[%emt 0:07:16]} c5 {[%emt 0:19:18]} 13. dxc5 {[%emt 0:04:03]} Bxd3 {[%emt 0:13:41]} 14. cxd3 {[%emt 0:00:40]} Nxc5 {[%emt 0:02:34]} 15. Rc1 {[%emt 0:07:39]} Qb6 {[%emt 0:00:27]} 16. Nxc5 {[%emt 0:00:08]} Bxc5 {[%emt 0:00:07]} 17. a5 {[%emt 0:00:12]} Qa7 {[%emt 0:02:09]} 18. Qa4+ {[%emt 0:00:54]} Nd7 {[%emt 0:01:50]} 19. d4 {[%emt 0:03:56]} Bxd4 {[%emt 0:06:57]} 20. Rc7 {[%emt 0:00:08]} Rd8 {[%emt 0:00:07]} 21. Rfc1 {[%emt 0:00:40]} Bxf2+ {[%emt 0:02:58]} 22. Kf1 {[%emt 0:00:06]} Qd4 {[%emt 0:01:31]} 23. Bb4 {[%emt 0:04:46]} Bg1 {[%emt 0:07:02]} 24. Ke1 {[%emt 0:00:13]} Bxh2 {[%emt 0:05:37]} 25. R1c3 {[%emt 0:02:40]} Bxe5 {[%emt 0:01:22]} 26. Rxd7 {[%emt 0:01:44]} Qg1+ {[%emt 0:00:44]} 0-1

[Event "25th Abu Dhabi Master 2018"]
[Site "Abu Dhabi"]
[Date "2018.08.08"]
[Round "2"]
[White "Villanueva, Nelson"]
[Black "Pranav, Anand"]
[Result "0-1"]
[WhiteElo "2133"]
[BlackElo "2260"]
[Annotator "NA"]
[PlyCount "94"]
[EventDate "2018.08.05"]
[EventType "swiss"]
[EventCountry "UAE"]
[SourceTitle "playchess.com"]
[Source "ChessBase"]
[SourceQuality "1"]
[TimeControl "5400+30"]

1. d4 {[%emt 0:00:00]} Nf6 {[%emt 0:00:00]} 2. c4 {[%emt 0:00:00]} e6 {[%emt 0:00:00]} 3. Nf3 {[%emt 0:00:00]} d5 {[%emt 0:00:00]} 4. g3 {[%emt 0:00:00]} dxc4 {[%emt 0:00:00]} 5. Bg2 {[%emt 0:00:00]} a6 {[%emt 0:00:04]} 6. Ne5 {[%emt 0:00:02]} Bb4+ {[%emt 0:00:06]} 7. Nc3 {[%emt 0:00:05]} Nd5 {[%emt 0:00:11]} 8. O-O {[%emt 0:00:17]} O-O {[%emt 0:01:14]} 9. Qc2 {[%emt 0:02:21]} b5 {[%emt 0:00:16]} 10. Rd1 {[%emt 0:00:34]} Bb7 {[%emt 0:07:03]} 11. Ne4 {[%emt 0:00:32]} f6 {[%emt 0:07:52]} 12. Nf3 {[%emt 0:00:26]} Nd7 {[%emt 0:01:21]} 13. b3 {[%emt 0:01:02]} cxb3 {[%emt 0:09:10]} 14. axb3 {[%emt 0:00:08]} Qe7 {[%emt 0:00:59]} 15. Bb2 {[%emt 0:08:03]} Rac8 {[%emt 0:06:12]} 16. h4 {[%emt 0:09:05]} c5 {[%emt 0:02:42]} 17. dxc5 {[%emt 0:00:18]} Nxc5 {[%emt 0:04:36]} 18. Nxc5 {[%emt 0:04:12]} Bxc5 {[%emt 0:00:47]} 19. Qb1 {[%emt 0:00:46]} Nb4 {[%emt 0:12:57]} 20. e3 {[%emt 0:00:40]} Rfd8 {[%emt 0:05:12]} 21. Rxd8+ {[%emt 0:03:21]} Rxd8 {[%emt 0:02:10]} 22. Ne1 {[%emt 0:05:50]} Bxg2 {[%emt 0:03:48]} 23. Nxg2 {[%emt 0:00:07]} e5 {[%emt 0:05:04]} 24. h5 {[%emt 0:03:14]} Qf7 {[%emt 0:02:47]} 25. Bc3 {[%emt 0:08:56]} Qxh5 {[%emt 0:00:30]} 26. Qe4 {[%emt 0:02:12]} Rd1+ {[%emt 0:01:08]} 27. Rxd1 {[%emt 0:01:44]} Qxd1+ {[%emt 0:00:03]} 28. Kh2 {[%emt 0:00:07]} Qxb3 {[%emt 0:03:03]} 29. Bxb4 {[%emt 0:01:43]} Bxb4 {[%emt 0:00:17]} 30. Qa8+ {[%emt 0:00:15]} Bf8 {[%emt 0:00:13]} 31. Qxa6 {[%emt 0:00:08]} b4 {[%emt 0:00:12]} 32. Nh4 {[%emt 0:00:11]} Qf7 {[%emt 0:02:17]} 33. Qc8 {[%emt 0:01:47]} g6 {[%emt 0:00:49]} 34. Qb8 {[%emt 0:00:10]} Qa2 {[%emt 0:01:26]} 35. Kg2 {[%emt 0:00:06]} Qd5+ {[%emt 0:00:25]} 36. Nf3 {[%emt 0:00:29]} h5 {[%emt 0:02:09]} 37. Qb6 {[%emt 0:01:23]} Kf7 {[%emt 0:00:23]} 38. Qc7+ {[%emt 0:00:18]} Be7 {[%emt 0:00:36]} 39. Qc2 {[%emt 0:00:18]} b3 {[%emt 0:02:33]} 40. Qc7 {[%emt 0:00:19]} g5 {[%emt 0:01:19]} 41. e4 {[%emt 0:05:36]} Qxe4 {[%emt 0:00:08]} 42. Qc3 {[%emt 0:00:04]} g4 {[%emt 0:00:29]} 43. Qxb3+ {[%emt 0:00:02]} Kg7 {[%emt 0:00:23]} 44. Qe6 {[%emt 0:00:20]} Qxf3+ {[%emt 0:00:10]} 45. Kh2 {[%emt 0:00:02]} Qxf2+ {[%emt 0:00:13]} 46. Kh1 {[%emt 0:00:02]} Qf1+ {[%emt 0:00:08]} 47. Kh2 {[%emt 0:00:01]} Qf5 0-1

[Event "25th Abu Dhabi Master 2018"]
[Site "Abu Dhabi"]
[Date "2018.08.08"]
[Round "2"]
[White "Byron, Alan M"]
[Black "Krishnater, Kushager"]
[Result "1/2-1/2"]
[WhiteElo "2132"]
[BlackElo "2256"]
[Annotator "NA"]
[PlyCount "80"]
[EventDate "2018.08.05"]
[EventType "swiss"]
[EventCountry "UAE"]
[SourceTitle "playchess.com"]
[Source "ChessBase"]
[SourceQuality "1"]
[TimeControl "5400+30"]

1. e4 {[%emt 0:04:50]} e5 {[%emt 0:00:00]} 2. Nf3 {[%emt 0:00:08]} Nc6 {[%emt 0:00:00]} 3. Bc4 {[%emt 0:00:38]} Bc5 {[%emt 0:00:00]} 4. d3 {[%emt 0:00:36]} Nf6 {[%emt 0:00:00]} 5. a4 {[%emt 0:01:43]} d6 {[%emt 0:00:56]} 6. c3 {[%emt 0:00:11]} a6 {[%emt 0:01:40]} 7. b4 {[%emt 0:02:49]} Ba7 {[%emt 0:00:05]} 8. O-O {[%emt 0:03:37]} O-O {[%emt 0:02:13]} 9. Qe2 {[%emt 0:09:10]} a5 {[%emt 0:06:38]} 10. b5 {[%emt 0:00:57]} Ne7 {[%emt 0:00:05]} 11. Be3 {[%emt 0:06:21]} Bxe3 {[%emt 0:00:22]} 12. Qxe3 {[%emt 0:01:35]} Ng6 {[%emt 0:00:40]} 13. Nbd2 {[%emt 0:00:47]} b6 {[%emt 0:04:37]} 14. Rad1 {[%emt 0:11:57]} Bb7 {[%emt 0:08:51]} 15. d4 {[%emt 0:03:25]} Qe7 {[%emt 0:08:44]} 16. Rfe1 {[%emt 0:02:53]} h6 {[%emt 0:02:05]} 17. g3 {[%emt 0:02:12]} Rfe8 {[%emt 0:01:23]} 18. d5 {[%emt 0:08:20]} Bc8 {[%emt 0:02:26]} 19. Bf1 {[%emt 0:00:13]} Nh7 {[%emt 0:03:11]} 20. Bg2 {[%emt 0:01:11]} Rf8 {[%emt 0:04:51]} 21. Nc4 {[%emt 0:01:05]} f5 {[%emt 0:04:57]} 22. exf5 {[%emt 0:00:14]} Bxf5 {[%emt 0:00:04]} 23. Nd4 {[%emt 0:04:30]} Qf6 {[%emt 0:07:13]} 24. Nxf5 {[%emt 0:02:35]} Qxf5 {[%emt 0:00:04]} 25. Be4 {[%emt 0:04:26]} Qh5 {[%emt 0:03:32]} 26. Qe2 {[%emt 0:05:37]} Qxe2 {[%emt 0:00:56]} 27. Rxe2 {[%emt 0:00:02]} Rf6 {[%emt 0:01:42]} 28. h4 {[%emt 0:04:15]} Ngf8 {[%emt 0:00:48]} 29. Ne3 {[%emt 0:03:08]} Nd7 {[%emt 0:01:13]} 30. Ng2 {[%emt 0:05:59]} Nc5 {[%emt 0:01:27]} 31. Bc2 {[%emt 0:01:01]} Rf3 {[%emt 0:01:33]} 32. Re3 {[%emt 0:00:41]} Raf8 {[%emt 0:00:47]} 33. Rd2 {[%emt 0:00:47]} Rxe3 {[%emt 0:01:37]} 34. Nxe3 {[%emt 0:00:08]} Nf6 {[%emt 0:00:38]} 35. f3 {[%emt 0:01:47]} Nfd7 {[%emt 0:06:19]} 36. Kg2 {[%emt 0:00:07]} h5 {[%emt 0:02:31]} 37. Rd1 {[%emt 0:00:10]} Rf6 {[%emt 0:00:48]} 38. Ra1 {[%emt 0:00:00]} g6 {[%emt 0:00:00]} 39. Rf1 {[%emt 0:01:23]} Kg7 {[%emt 0:02:18]} 40. Re1 {[%emt 0:00:09]} Rf8 {[%emt 0:00:43]} 1/2-1/2

[Event "25th Abu Dhabi Master 2018"]
[Site "Abu Dhabi"]
[Date "2018.08.08"]
[Round "2"]
[White "Al Hajiri, Bader"]
[Black "Srija, Seshadri"]
[Result "0-1"]
[WhiteElo "2120"]
[BlackElo "2255"]
[Annotator "NA"]
[PlyCount "66"]
[EventDate "2018.08.05"]
[EventType "swiss"]
[EventCountry "UAE"]
[SourceTitle "playchess.com"]
[Source "ChessBase"]
[SourceQuality "1"]
[TimeControl "5400+30"]

1. e4 {[%emt 0:02:35]} e5 {[%emt 0:00:00]} 2. Nf3 {[%emt 0:00:10]} Nc6 {[%emt 0:00:00]} 3. Bc4 {[%emt 0:00:37]} Nf6 {[%emt 0:00:06]} 4. Ng5 {[%emt 0:01:22]} d5 {[%emt 0:00:15]} 5. exd5 {[%emt 0:00:09]} Na5 {[%emt 0:00:06]} 6. Bb5+ {[%emt 0:01:54]} c6 {[%emt 0:00:07]} 7. dxc6 {[%emt 0:00:06]} bxc6 {[%emt 0:00:05]} 8. Qf3 {[%emt 0:00:36]} Be7 {[%emt 0:00:12]} 9. Bxc6+ {[%emt 0:00:33]} Nxc6 {[%emt 0:00:10]} 10. Qxc6+ {[%emt 0:00:05]} Bd7 {[%emt 0:00:02]} 11. Qc4 {[%emt 0:00:55]} O-O {[%emt 0:00:07]} 12. Nc3 {[%emt 0:00:02]} h6 {[%emt 0:04:39]} 13. Nf3 {[%emt 0:02:03]} Rc8 {[%emt 0:02:09]} 14. Qe2 {[%emt 0:00:26]} e4 {[%emt 0:05:29]} 15. Ne5 {[%emt 0:06:21]} Bf5 {[%emt 0:06:54]} 16. O-O {[%emt 0:15:01]} Qd4 {[%emt 0:10:08]} 17. Qb5 {[%emt 0:01:21]} Bc5 {[%emt 0:00:39]} 18. b4 {[%emt 0:11:45]} Qxe5 {[%emt 0:12:38]} 19. bxc5 {[%emt 0:02:59]} Ng4 {[%emt 0:02:08]} 20. g3 {[%emt 0:00:48]} Rxc5 {[%emt 0:01:07]} 21. Qe2 {[%emt 0:01:14]} Rb8 {[%emt 0:02:21]} 22. a4 {[%emt 0:12:03]} Qe6 {[%emt 0:13:01]} 23. Ba3 {[%emt 0:05:11]} Rcc8 {[%emt 0:07:14]} 24. Rae1 {[%emt 0:04:18]} Nf6 {[%emt 0:03:06]} 25. f3 {[%emt 0:01:05]} Bh3 {[%emt 0:00:42]} 26. Rf2 {[%emt 0:01:47]} e3 {[%emt 0:00:33]} 27. Rff1 {[%emt 0:06:26]} Bxf1 {[%emt 0:03:01]} 28. Qxf1 {[%emt 0:00:11]} Qb6 {[%emt 0:01:43]} 29. a5 {[%emt 0:07:48]} Qxa5 {[%emt 0:02:46]} 30. Rxe3 {[%emt 0:01:26]} Qxa3 {[%emt 0:00:51]} 31. Nd5 {[%emt 0:00:05]} Qc5 {[%emt 0:01:20]} 32. Ne7+ {[%emt 0:00:03]} Kh8 {[%emt 0:00:14]} 33. Nxc8 {[%emt 0:00:01]} Nd5 0-1

[Event "25th Abu Dhabi Master 2018"]
[Site "Abu Dhabi"]
[Date "2018.08.08"]
[Round "2"]
[White "Salonika, Saina"]
[Black "Idani, Pouya"]
[Result "0-1"]
[WhiteElo "2069"]
[BlackElo "2599"]
[Annotator "ChessBase"]
[PlyCount "138"]
[EventDate "2018.08.05"]
[EventType "swiss"]
[EventCountry "UAE"]
[SourceTitle "playchess.com"]
[Source "ChessBase"]
[SourceQuality "1"]
[TimeControl "5400+30"]

1. e4 {[%emt 0:00:00]} c5 {[%emt 0:00:00]} 2. Nc3 {[%emt 0:00:00]} d6 {[%emt 0:00:00]} 3. f4 {[%emt 0:00:00]} g6 {[%emt 0:00:00]} 4. Nf3 {[%emt 0:01:05]} Bg7 {[%emt 0:00:00]} 5. Bc4 {[%emt 0:00:53]} Nc6 {[%emt 0:00:00]} 6. d3 {[%emt 0:00:47]} e6 {[%emt 0:00:00]} 7. O-O {[%emt 0:02:33]} Nge7 {[%emt 0:00:00]} 8. Bb3 {[%emt 0:05:56]} O-O {[%emt 0:00:35]} 9. Qe1 {[%emt 0:03:51]} Na5 {[%emt 0:03:28]} 10. Be3 {[%emt 0:03:47]} b6 {[%emt 0:03:37]} 11. Qh4 {[%emt 0:09:40]} d5 {[%emt 0:07:12]} 12. f5 {[%emt 0:02:20]} gxf5 {[%emt 0:02:03]} 13. exd5 {[%emt 0:11:04]} Nxb3 {[%emt 0:01:15]} 14. axb3 {[%emt 0:01:10]} Nxd5 {[%emt 0:00:31]} 15. Nxd5 {[%emt 0:04:51]} Qxd5 {[%emt 0:01:08]} 16. Ng5 {[%emt 0:04:04]} h6 {[%emt 0:00:12]} 17. Nh3 {[%emt 0:00:12]} Bb7 {[%emt 0:05:14]} 18. Qg3 {[%emt 0:02:45]} Qe5 {[%emt 0:05:40]} 19. Bf4 {[%emt 0:09:49]} Qf6 {[%emt 0:03:01]} 20. Rae1 {[%emt 0:00:17]} Kh7 {[%emt 0:05:32]} 21. Be5 {[%emt 0:05:54]} Qg6 {[%emt 0:00:31]} 22. Qxg6+ {[%emt 0:00:07]} Kxg6 {[%emt 0:01:16]} 23. Nf4+ {[%emt 0:00:06]} Kh7 {[%emt 0:00:02]} 24. Bxg7 {[%emt 0:00:07]} Kxg7 {[%emt 0:00:03]} 25. g4 {[%emt 0:00:36]} Rg8 {[%emt 0:12:32]} 26. gxf5 {[%emt 0:01:36]} Kf6+ {[%emt 0:00:05]} 27. Kf2 {[%emt 0:00:05]} Kxf5 {[%emt 0:00:03]} 28. Ke3 {[%emt 0:00:17]} Ke5 {[%emt 0:00:21]} 29. Kd2+ {[%emt 0:01:42]} Kd6 {[%emt 0:00:07]} 30. Re2 {[%emt 0:00:30]} Raf8 {[%emt 0:04:28]} 31. Nh5 {[%emt 0:03:08]} Ke7 {[%emt 0:01:05]} 32. Ng3 {[%emt 0:01:58]} Rg6 {[%emt 0:00:49]} 33. Nf5+ {[%emt 0:02:08]} Kd7 {[%emt 0:00:06]} 34. Ne3 {[%emt 0:00:14]} b5 {[%emt 0:02:48]} 35. Rf4 {[%emt 0:00:47]} f5 {[%emt 0:01:37]} 36. Ref2 {[%emt 0:01:47]} Bc6 {[%emt 0:01:17]} 37. b4 {[%emt 0:04:52]} cxb4 {[%emt 0:00:18]} 38. Rxb4 {[%emt 0:00:15]} Rg5 {[%emt 0:01:50]} 39. Rbf4 {[%emt 0:02:13]} Ke7 {[%emt 0:02:42]} 40. b4 {[%emt 0:00:30]} Bd7 {[%emt 0:00:31]} 41. d4 {[%emt 0:00:45]} Bc6 {[%emt 0:00:31]} 42. c4 {[%emt 0:02:10]} bxc4 {[%emt 0:00:12]} 43. Nxc4 {[%emt 0:00:13]} Rb8 {[%emt 0:00:28]} 44. Kc3 {[%emt 0:02:49]} Bd5 {[%emt 0:03:40]} 45. Ne3 {[%emt 0:00:14]} Be4 {[%emt 0:00:34]} 46. Ra2 {[%emt 0:02:57]} Rb7 {[%emt 0:00:40]} 47. Rh4 {[%emt 0:01:41]} h5 {[%emt 0:00:19]} 48. Ra5 {[%emt 0:00:26]} Kf6 {[%emt 0:02:05]} 49. Ra6 {[%emt 0:00:36]} Rc7+ {[%emt 0:00:37]} 50. Kd2 {[%emt 0:00:38]} Rd7 {[%emt 0:00:30]} 51. Kc3 {[%emt 0:00:11]} Bf3 {[%emt 0:08:35]} 52. Rf4 {[%emt 0:00:52]} Be2 {[%emt 0:00:18]} 53. Rc6 {[%emt 0:00:24]} Bb5 {[%emt 0:01:43]} 54. Rc5 {[%emt 0:00:06]} a6 {[%emt 0:00:14]} 55. Kb2 {[%emt 0:03:58]} Rd8 {[%emt 0:02:22]} 56. Rc1 {[%emt 0:01:00]} Rd6 {[%emt 0:03:39]} 57. Rc3 {[%emt 0:01:23]} Bc6 {[%emt 0:02:03]} 58. Ra3 {[%emt 0:01:05]} Be4 {[%emt 0:00:19]} 59. Kc3 {[%emt 0:00:33]} Rg1 {[%emt 0:00:17]} 60. Rf1 {[%emt 0:00:31]} Rc6+ {[%emt 0:00:35]} 61. Kd2 {[%emt 0:00:34]} Rxf1 {[%emt 0:00:23]} 62. Nxf1 {[%emt 0:00:05]} f4 {[%emt 0:00:05]} 63. Rc3 {[%emt 0:00:51]} Rxc3 {[%emt 0:01:07]} 64. Kxc3 {[%emt 0:00:06]} Bg2 {[%emt 0:00:30]} 65. Nd2 {[%emt 0:00:08]} Kf5 {[%emt 0:00:25]} 66. Kd3 {[%emt 0:00:10]} Kg4 {[%emt 0:00:45]} 67. Ke2 {[%emt 0:00:14]} Kh3 {[%emt 0:00:15]} 68. Nb3 {[%emt 0:00:07]} Bd5 {[%emt 0:00:07]} 69. Nc5 {[%emt 0:00:04]} Kg2 {[%emt 0:00:05]} 0-1

[Event "25th Abu Dhabi Master 2018"]
[Site "Abu Dhabi"]
[Date "2018.08.08"]
[Round "2"]
[White "Priyanka, Kumari"]
[Black "Kuybokarov, Temur"]
[Result "0-1"]
[WhiteElo "2005"]
[BlackElo "2499"]
[Annotator "TA"]
[PlyCount "116"]
[EventDate "2018.08.05"]
[EventType "swiss"]
[EventCountry "UAE"]
[SourceTitle "playchess.com"]
[Source "ChessBase"]
[SourceQuality "1"]

{[%evp 27,116,22,22,6,4,0,2,10,36,29,41,-8,33,-42,-19,-35,18,-41,-29,-42,-40,-34,-25,-41,-31,-23,-23,-23,-23,-23,-23,-23,-23,-23,-23,-20,-12,-12,-9,-12,-12,-12,-12,-12,-12,-12,-12,-12,-12,-12,0,0,0,0,0,0,0,-59,-25,-39,0,0,0,-100,-98,-434,-400,-540,-204,-163,-174,-101,-71,-29990,-29991,-29991,-29992,-29992,-29976,-29976,-29977,-29977,-29978,-29978,-29979,-29979,-29980,-29982,-29983,-29983,-29984]} 1. e4 {[%cal Be2e4,Be4e5][%mdl 32]} Nf6 2. e5 Nd5 3. d4 d6 4. c4 Nb6 5. exd6 exd6 6. Nc3 Nc6 7. Be3 Be7 8. Be2 O-O 9. Nf3 Bg4 10. b3 Bf6 11. Rc1 d5 12. c5 Nc8 {[%cal Bb6c8,Bc8e7,Be7f5][%mdl 32]} 13. O-O N8e7 14. h3 Be6 {LiveBook: 5 Partien} 15. Bd3 {B05: Aljechin-Verteidigung (Moderne Variante)} (15. a3 Nf5 16. b4 Nxe3 17. fxe3 Ne7 18. Bd3 Qd7 19. Qe1 Rfe8 20. b5 Bf5 21. c6 bxc6 22. bxc6 Qe6 {0-1 (34) Narva,M (2211)-Goryachkina,A (2478) Monaco 2017}) 15... Nf5 16. Ne2 g6 17. Qd2 $146 {Die Stellung ist ausgeglichen.} ({Vorgänger:} 17. Bxf5 Bxf5 18. Qd2 Re8 19. Ng3 Be6 20. b4 a6 21. a3 Ne7 22. Bf4 Nf5 {1-0 (37) Prado,L (2090)-Lopez Abreu,M (2081) Ocana 2017}) 17... Re8 18. b4 {[%cal Bb3b4,Bb4b5][%mdl 32]} a6 {[%cal Ba7a6,Ba6a5][%mdl 32]} 19. a4 Bg7 20. Ra1 (20. Bf4 $14) 20... a5 21. b5 {Lxf5 ist eine echte Drohung.} Nb4 (21... Nxe3 $15 22. fxe3 Nb4) 22. Nf4 ({Lieber} 22. Bf4 $11) 22... Nxd3 23. Nxd3 Nxe3 24. fxe3 Bf5 (24... f6 {with more complications.} 25. Qc3 c6 26. Rfe1 Bf5 27. Nf2 Qd7) 25. Rae1 Bxd3 26. Qxd3 f5 27. Re2 Re4 28. Rfe1 Bf6 29. Nd2 Re6 30. Nf3 Qd7 31. Qc3 h5 32. h4 Kh7 33. Kf2 Qe7 34. g3 Re4 35. Nd2 Rg4 {Und weiter mit ...Lxh4! wäre nett.} 36. Nf3 Kg7 37. Qd2 Re4 38. Qc3 g5 {[%cal Rg5h4]} 39. hxg5 Bxg5 40. Rh1 Kh6 41. Qe1 Re8 42. Ne5 (42. Kf1 $11) 42... Bf6 43. Nf3 b6 44. cxb6 cxb6 45. Qc3 {[#]} (45. Qd2 $11) 45... f4 $1 $17 {[%cal Rf4g3][%mdl 512] Weiss muss nun ...fxg3+ beachten.} 46. gxf4 $2 {[%mdl 8192] [#]} (46. Qc6 $17 {war die entscheidende Verteidigung.}) (46. exf4 Rxe2+) 46... Rxf4 $1 $19 {[%mdl 512] Und ...Lh4+ würde nun gewinnen.} 47. Qc6 (47. exf4 Qxe2+) 47... Rxf3+ $2 (47... Qe4 48. Rh3 Re6) 48. Kxf3 Qe4+ 49. Kf2 Re6 50. Qc8 $2 {[%mdl 8192]} (50. Qc1 $17) 50... Bh4+ {Schwarz setzt Matt.} 51. Rxh4 Qxh4+ {[%mdl 4096] Endspiel KDT-KDT} 52. Kg1 Rg6+ 53. Rg2 {[#]} Rxg2+ $1 54. Kxg2 {[#]} Qg4+ $1 55. Qxg4 hxg4 56. Kg3 Kg5 57. e4 dxe4 {[%cal Bd5e4,Be4e3][%mdl 32]} 58. d5 e3 {Precision: Weiß = 45%, Schwarz = 55%.} 0-1

[Event "25th Abu Dhabi Master 2018"]
[Site "Abu Dhabi"]
[Date "2018.08.08"]
[Round "2"]
[White "Polakhare, Aryan"]
[Black "Parligras, Mircea Emilian"]
[Result "0-1"]
[WhiteElo "1957"]
[BlackElo "2645"]
[Annotator "TA"]
[PlyCount "54"]
[EventDate "2018.08.05"]
[EventType "swiss"]
[EventCountry "UAE"]
[SourceTitle "playchess.com"]
[Source "ChessBase"]
[SourceQuality "1"]

{[%evp 13,54,7,14,0,9,-6,0,0,0,0,-1,-27,-16,-52,-5,-10,-18,-8,-23,-51,-27,-231,-218,-222,-206,-467,-470,-483,-413,-368,-416,-1297,-1296,-1277,-1274,-1268,-1281,-1211,-1194,-1368,-1316,-1508,-1398]} 1. e4 c5 2. Nf3 e6 3. b3 b6 4. Bd3 (4. Bb2 Bb7 5. Bd3 Nc6 6. a3 Nf6 7. O-O d6 8. Re1 Be7 9. Bf1 O-O 10. d3 Nd7 11. Nbd2 Bf6 12. Bxf6 Nxf6 {1-0 (29) Kasimdzhanov,R (2683)-Ganguly,S (2650) Riadh 2017}) 4... Bb7 5. O-O Nc6 6. Re1 {B40: Sicilian: 2...e6, Unusual lines} d6 7. Bb2 Nf6 {LiveBook: 8 Games} 8. Bf1 {The position is equal.} Be7 9. c3 Ne5 $146 ({Predecessor:} 9... O-O 10. d4 d5 11. e5 Ne4 {½-½ (36) Beerdsen,T (2455)-Wiersma,E (2350) Hilversum 2017}) 10. Nxe5 dxe5 11. Bb5+ Kf8 12. f3 h5 13. d4 cxd4 14. cxd4 exd4 15. Bxd4 h4 16. h3 Rh5 17. Be2 $2 (17. a4 $11) 17... Qc7 $1 $19 {And now ...Rd8 would win.} 18. Qc1 {[#]} Rc5 $1 {[%cal Rc5c1][%mdl 512]} 19. Bxc5 $2 (19. Qe3 {is a better defense.}) 19... Bxc5+ 20. Kh1 Qg3 21. Nd2 {[#]} Nh5 $1 {[%cal Bf6h5,Bh5f4,Bf4d3,Bd3f2][%mdl 32] ...Nf4 is the strong threat.} 22. f4 (22. Bc4 $142 Qf2 23. Qc3) 22... Nxf4 {[%csl Gf4][%cal Rg3g2] Black is clearly winning.} 23. Bf3 Nd3 24. Nf1 Qf2 {[%csl Gc5][%cal Rf2g1]} 25. Qxc5+ Qxc5 26. Re2 Nf2+ 27. Kh2 Qe5+ {Precision: White = 27%, Black = 59%.} 0-1